The Ultimate Indian Quiz - Statistics

General Stats
  • This quiz has been taken 112 times
  • The average score is 7 of 21
Answer Stats
Answer % Correct
Geography Largest City Delhi
86%
Geography Longest River Ganga
76%
Others Richest City(visit) Mumbai
70%
Geography Largest State Rajasthan
63%
Geography Smallest State Goa
57%
Others Most Populated State Uttar Pradesh
52%
Politics And Government Capital New Delhi
48%
Politics And Government Number of Union Territories 7
32%
National.... National Flower Lotus
29%
National.... National Fruit Mango
29%
National.... National Animal Tiger
27%
National.... National Bird Peacock
25%
Politics And Government Number Of States 29
23%
National Dates Date Of Republic 26 January
19%
Politics And Government Prime Minister Narendra Modi
19%
National Dates Date Of Independence 15 August
18%
Geography Largest Delta Sunderban
13%
Politics And Government President Ram Nath
10%
Politics And Government Official Name Republic Of India
9%
Geography Wettest Place Mawsynram
8%
Politics And Government Vice President Venkaiah Naidu
4%
No matching quizzes found
Score Distribution
Percent of People with Each Score
Percentile by Number Answered
Your Score History
You have not taken this quiz